Statistics for Countries With The Most Deaths From Drug Use In Europe

Click here to take the quiz!

General Stats

  • This quiz has been taken 51 times
  • The average score is 13 of 15

Answer Stats

Deaths (Per 100,000)Country% Correct
3.72United Kingdom
100%
5.49Finland
96%
6.40Norway
96%
3.62Sweden
96%
3.88Ireland
94%
10.96Ukraine
94%
2.42Austria
85%
8.23Belarus
85%
7.19Estonia
85%
2.37Greece
85%
6.14Lithuania
85%
3.38Denmark
83%
2.42Romania
83%
3.55Iceland
81%
3.87Moldova
81%

Score Distribution

Percentile by Number Answered

Percent of People with Each Score

Your Score History

You have not taken this quiz